000 00447 a2200181 4500
001 129776
022 _a1679-656X
040 _cLeonardo Da Vinci
041 _aInglês
082 _aETH
245 _aEthnohistory 45
260 _bDuke University
_c1998
_aDurhan
300 _a408
362 _a20100112
490 _aEthnohistory
_v45
697 _aIconografia Mexicana
_aDia dos Mortos no México
_aHistória
_aCanadá
_aGhemat
942 _cCR
999 _c129776
_d129776